Super advanced airplane quiz - Statistics

General Stats
  • This quiz has been taken 4 times
  • The average score is 2 of 10
Answer Stats
Hint Answer % Correct
SU 57 ____ Felon
75%
Which was the first fighter aircraft owned by The indian airforce that could go supersonic MIG 21
25%
Which is the fastest fighter aircraft built in the world Hint "Not the Sr71 blackbird as it was designed for reconnaissance"' MIG 25
25%
SAM is the abbreviation for what Surface to Air Missile
25%
What is the name of the 5th generation Aircraft being built by HAL the HAL _____ AMCA
0%
"This jet terrified the west " Which jet are we taking about MIG 31
0%
What does MIG stand for Mikoyan Gurevich
0%
What does MKI in Sukhoi Su-30 MKI Modernizirovannyi Kommercheskiy Indiski
0%
During the Gulf war who was named Sky Falcon Mohammed Rayyan
0%
Where is Airbus's main manufacturing unit located? Tolouse
0%
No matching quizzes found
Score Distribution
Percent of People with Each Score
Percentile by Number Answered
Your Score History
You have not taken this quiz